APEC Schools

Looking Back 6: Prehistoric Philippines / (Record no. 9027)

000 -LEADER
fixed length control field nam a22 7a 4500
005 - DATE AND TIME OF LATEST TRANSACTION
control field 20210317051106.0
008 - FIXED-LENGTH DATA ELEMENTS--GENERAL INFORMATION
fixed length control field 210317b xxu||||| |||| 00| 0 eng d
020 ## - IDENTIFIER FOR THE MANIFESTATION
Identifier for the Manifestation 9789712727672
Binding paperback
040 ## - CATALOGING SOURCE
Language of Cataloging eng
Transcribing Agency APEC Schools Library
Description Conventions rda
082 ## - DEWEY DECIMAL CLASSIFICATION NUMBER
Classification number F 959.9
Author's Number Oc15p 2012
100 ## - CREATOR
Preferred Name of the Person Ocampo, Ambeth R.
245 ## - TITLE AND STATEMENT OF RESPONSIBILITY
Preferred Title Proper Looking Back 6: Prehistoric Philippines /
Statement of Responsibility/Parallel Statement of Responsibility Ambeth R. Ocampo
264 ## - PUBLICATION STATEMENT
Place of publication, distribution, etc Mandaluyong City :
Publisher's Name/Parallel Publisher's Name Anvil,
Copyright ©2012.
300 ## - PHYSICAL DESCRIPTION
Extent ix, 92 pages :
Illustrative Content illustrations ;
336 ## - RDA CONTENT
Source rdacontent
Content Type text
337 ## - RDA MEDIA
Source rdamedia
Media Type unmediated
338 ## - RDA CARRIER
Source rdacarrier
Carrier Type volume
651 ## - ADDED SUBJECT ACCESS POINT - GEOGRAPHIC NAME
Topical Term Philippines
Form Subdivision History.
651 ## - ADDED SUBJECT ACCESS POINT - GEOGRAPHIC NAME
Topical Term Philippines
Form Subdivision History
General Subdivision Miscellenea.
651 ## - ADDED SUBJECT ACCESS POINT - GEOGRAPHIC NAME
Topical Term Philippines
Form Subdivision Social life and customs.
942 ## - ADDED ENTRY ELEMENTS (KOHA)
Source of Classification
Koha Item Type Non Fiction
Holdings
Library Site Location Shelving Location Source of Acquisition Full Classification Number Accession Number Koha Item Type
APEC Bacoor Library APEC Bacoor Library Filipiniana Institutional Fund F 959.9 Oc15p 2012 B04-0000538 Non Fiction
APEC C. Raymundo Library APEC C. Raymundo Library Filipiniana Institutional Fund F 959.9 Oc15p 2012 A07-0000457 Non Fiction
APEC Calumpang Library APEC Calumpang Library Filipiniana Institutional Fund F 959.9 Oc15p 2012 B10-0000474 Non Fiction
APEC Dasmarinas Library APEC Dasmarinas Library Filipiniana Institutional Fund F 959.9 Oc15p 2012 B03-0000497 Non Fiction
APEC Doña Juana Library APEC Doña Juana Library Filipiniana Institutional Fund F 959.9 Oc15p 2012 A02-0000195 Non Fiction
APEC España Library APEC España Library Filipiniana Institutional Fund F 959.9 Oc15p 2012 B11-0000325 Non Fiction
APEC Grace Park West Library APEC Grace Park West Library Filipiniana Institutional Fund F 959.9 Oc15p 2012 A09-0000387 Non Fiction
APEC JRU Lipa Library APEC JRU Lipa Library Filipiniana Institutional Fund F 959.9 Oc15p 2012 B12-0000534 Non Fiction
APEC Las Piñas Library APEC Las Piñas Library Filipiniana Institutional Fund F 959.9 Oc15p 2012 C01-0000372 Non Fiction
APEC Concepcion Dos Library APEC Marikina Heights Library Filipiniana Institutional Fund F 959.9 Oc15p 2012 C02-0000334 Non Fiction
APEC Marikina Heights Library APEC Marikina Heights Library Filipiniana Institutional Fund F 959.9 Oc15p 2012 A08-0000369 Non Fiction
APEC Muntinlupa Library APEC Muntinlupa Library Filipiniana Institutional Fund F 959.9 Oc15p 2012 B01-0000349 Non Fiction
APEC New Manila Library APEC New Manila Library Filipiniana Institutional Fund F 959.9 Oc15p 2012 C03-0000354 Non Fiction
APEC North Fairview Library APEC North Fairview Library Filipiniana Institutional Fund F 959.9 Oc15p 2012 A04-0000335 Non Fiction
APEC Ortigas Extension, Cainta Library APEC Ortigas Extension, Cainta Library Filipiniana Institutional Fund F 959.9 Oc15p 2012 B09-0000367 Non Fiction
APEC Roxas Boulevard Library APEC Roxas Boulevard Library Filipiniana Institutional Fund F 959.9 Oc15p 2012 B06-0000329 Non Fiction
APEC San Pablo, Laguna Library APEC San Pablo, Laguna Library Filipiniana Institutional Fund F 959.9 Oc15p 2012 D01-0000207 Non Fiction
APEC Silangan, Pateros Library APEC Silangan, Pateros Library Filipiniana Institutional Fund F 959.9 Oc15p 2012 B07-0000425 Non Fiction
APEC Sta. Rita Library APEC Sta. Rita Library Filipiniana Institutional Fund F 959.9 Oc15p 2012 B02-0000454 Non Fiction
APEC Taytay Library APEC Taytay Library Filipiniana Institutional Fund F 959.9 Oc15p 2012 B08-0000352 Non Fiction
APEC Tondo Library APEC Tondo Library Filipiniana Institutional Fund F 959.9 Oc15p 2012 A10-0000345 Non Fiction
APEC V. Luna Library APEC V. Luna Library Filipiniana Institutional Fund F 959.9 Oc15p 2012 A01-0000383 Non Fiction

Powered by Koha